[Event "Titled Tue 1st Jul Early"]
[Site "chess.com INT"]
[Date "2025.07.01"]
[Round "9"]
[White "Hayrapetyan, Edgar"]
[Black "Smieszek, Wojciech"]
[Result "1-0"]
[WhiteTitle "FM"]
[BlackTitle "CM"]
[WhiteElo "2161"]
[BlackElo "2141"]
[WhiteFideId "13313568"]
[BlackFideId "1156047"]
[EventDate "2025.07.01"]

1. e4 c5 2. Nc3 Nc6 3. Bb5 Nd4 4. Bc4 e6 5. Nge2 Ne7 6. O-O d6 7. Nxd4 cxd4 8.
Ne2 Nc6 9. c3 dxc3 10. bxc3 Be7 11. d4 O-O 12. Rb1 b6 13. Ng3 Bb7 14. f4 Na5 15.
Bd3 Rc8 16. Bd2 Nc4 17. Bxc4 Rxc4 18. f5 Bh4 19. Qg4 Bxg3 20. f6 g6 21. hxg3 Kh8
22. Qg5 e5 23. Rbe1 Re8 24. Qh6 Rg8 25. g4 exd4 26. Rf3 Bxe4 27. Qxh7+ Kxh7 28.
Rh3# 1-0

[Event "Titled Tue 1st Jul Early"]
[Site "chess.com INT"]
[Date "2025.07.01"]
[Round "9"]
[White "Sharapov, Yevhen"]
[Black "Nicot, Valentin"]
[Result "0-1"]
[WhiteTitle "GM"]
[BlackTitle "CM"]
[WhiteElo "2375"]
[BlackElo "2157"]
[WhiteFideId "14103133"]
[BlackFideId "651002477"]
[EventDate "2025.07.01"]

1. e4 g6 2. d4 Bg7 3. Nc3 d6 4. h4 h6 5. h5 g5 6. Nge2 Nd7 7. Be3 a6 8. Qd2 b5
9. Ng3 e6 10. O-O-O Ne7 11. f4 gxf4 12. Bxf4 Bb7 13. Kb1 Nb6 14. Ka1 Nc6 15. Be3
Na5 16. Qf2 b4 17. Nb1 Nac4 18. Bc1 a5 19. Bxc4 Nxc4 20. Rhf1 Qd7 21. Qe2 Ba6
22. Qg4 Rg8 23. Bxh6 a4 24. Bxg7 Ne3 25. Qg5 Nxc2# 0-1

[Event "Titled Tue 1st Jul Early"]
[Site "chess.com INT"]
[Date "2025.07.01"]
[Round "9"]
[White "Goltsev, Dmitry"]
[Black "Mayank, Chakraborty"]
[Result "1-0"]
[WhiteTitle "FM"]
[BlackTitle "IM"]
[WhiteElo "2182"]
[BlackElo "2448"]
[WhiteFideId "24176710"]
[BlackFideId "25659766"]
[EventDate "2025.07.01"]

1. e4 e5 2. Nf3 Nc6 3. Bb5 Nf6 4. O-O Nxe4 5. d4 Nd6 6. Bxc6 dxc6 7. dxe5 Nf5 8.
Qxd8+ Kxd8 9. Bg5+ Be7 10. Rd1+ Ke8 11. b3 h6 12. Bxe7 Nxe7 13. c4 Bg4 14. Nbd2
Ng6 15. h3 Bd7 16. Ne4 b6 17. Rd2 c5 18. Nc3 Bc6 19. Nd5 Rc8 20. Rad1 Nf8 21.
Nh4 g6 22. Nf6+ Ke7 23. f4 Ne6 24. f5 Nf4 25. Rd7+ Bxd7 26. Rxd7+ Kf8 27. e6
fxe6 28. fxe6 1-0

[Event "Titled Tue 1st Jul Early"]
[Site "chess.com INT"]
[Date "2025.07.01"]
[Round "9"]
[White "Pham, Le Thao Nguyen"]
[Black "Kanyamarala, Trisha"]
[Result "0-1"]
[WhiteTitle "IM"]
[BlackTitle "WIM"]
[WhiteElo "2357"]
[BlackElo "2233"]
[WhiteFideId "12401226"]
[BlackFideId "45004722"]
[EventDate "2025.07.01"]

1. d4 d5 2. Nf3 Nf6 3. c4 e6 4. Nc3 Be7 5. Bg5 O-O 6. e3 h6 7. Bxf6 Bxf6 8. cxd5
exd5 9. Rc1 c6 10. b4 Bg4 11. Be2 a5 12. b5 Nd7 13. bxc6 bxc6 14. O-O Nb6 15.
Na4 Nxa4 16. Qxa4 Bd7 17. Qc2 Qe7 18. Ne1 Rfc8 19. Nd3 Bf5 20. Qd2 Bxd3 21. Bxd3
c5 22. Bf5 Rc7 23. dxc5 Rxc5 24. Rxc5 Qxc5 25. Rc1 Qb4 26. Qxd5 Rd8 27. Qc6 Qd2
28. a4 Qd1+ 0-1

[Event "Titled Tue 1st Jul Early"]
[Site "chess.com INT"]
[Date "2025.07.01"]
[Round "9"]
[White "Faryma, Matviy"]
[Black "Luong Phuong Hanh"]
[Result "1-0"]
[BlackTitle "WIM"]
[WhiteElo "2230"]
[BlackElo "2121"]
[WhiteFideId "1961578"]
[BlackFideId "12401013"]
[EventDate "2025.07.01"]

1. b3 e5 2. Bb2 d6 3. c4 g6 4. d4 Bg7 5. Nf3 Ne7 6. dxe5 O-O 7. Nbd2 Nbc6 8. Qc2
dxe5 9. O-O-O Nb4 10. Qb1 Bf5 11. e4 Bg4 12. h3 Bxf3 13. Nxf3 Bh6+ 14. Nd2 Qd6
15. a3 Rfd8 16. Bc3 Nbc6 17. Qb2 Qc5 18. f3 Nd4 19. Kb1 a5 20. Bd3 b5 21. cxb5
Nxb5 22. Bxb5 Qxb5 23. a4 Qd3+ 24. Qc2 Rab8 25. Qxd3 Rxd3 26. Kc2 Rbd8 27. Nc4
Rxd1 28. Rxd1 Rxd1 29. Kxd1 Nc6 30. Nxa5 Nxa5 31. Bxa5 c6 32. Bc7 1-0

[Event "Titled Tue 1st Jul Early"]
[Site "chess.com INT"]
[Date "2025.07.01"]
[Round "9"]
[White "Demchenko, Yaroslav"]
[Black "Hrebenshchykova, Yelyzaveta"]
[Result "1-0"]
[WhiteTitle "CM"]
[BlackTitle "WIM"]
[WhiteElo "2217"]
[BlackElo "2265"]
[WhiteFideId "14186667"]
[BlackFideId "14159899"]
[EventDate "2025.07.01"]

1. Nf3 Nf6 2. b3 g6 3. Bb2 Bg7 4. d4 O-O 5. e3 Ne4 6. Bd3 f5 7. Nbd2 d5 8. c4 e6
9. Qc2 c6 10. Rd1 Nd7 11. O-O Qe7 12. Ne5 Nxe5 13. dxe5 g5 14. f3 Nxd2 15. Rxd2
Bd7 16. Rfd1 a5 17. e4 dxe4 18. fxe4 f4 19. Be2 c5 20. Rxd7 1-0

[Event "Titled Tue 1st Jul Early"]
[Site "chess.com INT"]
[Date "2025.07.01"]
[Round "9"]
[White "Vihaan Karthikeya N"]
[Black "Aarav Sinha"]
[Result "1-0"]
[WhiteTitle "CM"]
[BlackTitle "FM"]
[WhiteElo "2179"]
[BlackElo "2224"]
[WhiteFideId "25950673"]
[BlackFideId "25674064"]
[EventDate "2025.07.01"]

1. d4 Nf6 2. c4 e6 3. Nc3 d5 4. cxd5 exd5 5. Bg5 Be7 6. e3 c6 7. Bd3 O-O 8. Qc2
Nbd7 9. Nge2 h6 10. Bh4 Nh5 11. Bxe7 Qxe7 12. O-O Re8 13. Rae1 Ndf6 14. Nc1 Ne4
15. f3 Nxc3 16. bxc3 c5 17. e4 Nf4 18. exd5 Qxe1 19. Rxe1 Rxe1+ 20. Kf2 Rxc1 21.
Bh7+ Kh8 22. Qxc1 g5 23. Bb1 Nxd5 24. c4 Nf4 25. d5 Bd7 26. Qc2 f5 27. Qc3+ Kg8
28. g3 Ng6 29. Qf6 1-0

[Event "Titled Tue 1st Jul Early"]
[Site "chess.com INT"]
[Date "2025.07.01"]
[Round "9"]
[White "Nurgaliyev, Sauat"]
[Black "Deng, Henry"]
[Result "1-0"]
[WhiteTitle "IM"]
[BlackTitle "FM"]
[WhiteElo "2404"]
[BlackElo "2293"]
[WhiteFideId "13726285"]
[BlackFideId "30965454"]
[EventDate "2025.07.01"]

1. e4 c5 2. Nc3 e6 3. Nge2 Nc6 4. d4 cxd4 5. Nxd4 Nf6 6. Nxc6 bxc6 7. e5 Nd5 8.
Ne4 Bb7 9. Be2 c5 10. O-O Qc7 11. Nd6+ Bxd6 12. exd6 Qc6 13. Bf3 c4 14. Qd4 O-O
15. b3 cxb3 16. c4 Qxd6 17. cxd5 Bxd5 18. Bb2 f6 19. Bxd5 exd5 20. axb3 Rfe8 21.
Ra5 Re5 22. Qd3 Rh5 23. g3 Re8 24. Qf3 g6 25. Qxf6 Qxf6 26. Bxf6 Rf5 27. Bd4 Rb8
28. Rxa7 Rxb3 29. Rd1 Rf7 30. Ra8+ Rf8 31. Rxf8+ Kxf8 32. Bc5+ Kf7 33. Rxd5 Rb7
34. Kg2 Rc7 35. Be3 Rb7 36. h4 Rc7 37. Bf4 Rb7 38. Rd6 Ke7 39. Rd5 Ke6 40. Re5+
Kf7 41. h5 d6 42. Rd5 Ke6 43. Rxd6+ Kf5 44. h6 Kg4 45. Rd5 Rb5 46. f3# 1-0

[Event "Titled Tue 1st Jul Early"]
[Site "chess.com INT"]
[Date "2025.07.01"]
[Round "9"]
[White "Alazmi, Amani"]
[Black "Dilmukhametov, Artur"]
[Result "1-0"]
[WhiteTitle "WCM"]
[BlackTitle "FM"]
[WhiteElo "1733"]
[BlackElo "2276"]
[WhiteFideId "10303553"]
[BlackFideId "24179922"]
[EventDate "2025.07.01"]

1. e4 e5 2. Nf3 Nc6 3. Nc3 Nf6 4. d4 exd4 5. Nxd4 Nxd4 6. Qxd4 Be7 7. Bd3 O-O 8.
O-O d6 9. Bg5 Re8 10. Rfe1 c5 11. Qe3 Bd7 12. Bxf6 Bxf6 13. Nd5 Be5 14. h3 Bc6
15. Qf3 Bxd5 16. exd5 b6 17. c3 b5 18. Bxb5 Re7 19. Bd3 Rb8 20. Rab1 Rb6 21. b3
a6 22. c4 a5 23. Qf5 1-0

[Event "Titled Tue 1st Jul Early"]
[Site "chess.com INT"]
[Date "2025.07.01"]
[Round "9"]
[White "Hernandez Leon, Sergio"]
[Black "Lee, Qing Aun"]
[Result "0-1"]
[WhiteTitle "CM"]
[BlackTitle "FM"]
[WhiteElo "2109"]
[BlackElo "2280"]
[WhiteFideId "2285622"]
[BlackFideId "5804167"]
[EventDate "2025.07.01"]

1. e4 e6 2. Qe2 e5 3. Nf3 Nc6 4. c3 d6 5. d4 Nf6 6. Bg5 Be7 7. d5 Nb8 8. c4 a5
9. Nc3 Na6 10. h3 Nc5 11. Bxf6 Bxf6 12. g3 g6 13. Bg2 Bg7 14. O-O f5 15. exf5
gxf5 16. Nd4 Qe7 17. Ndb5 O-O 18. f4 e4 19. Rad1 Qd8 20. Qe3 Bd7 21. b3 Rf6 22.
Ne2 Rg6 23. Ned4 c6 24. Nc3 Qf6 25. Nde2 h5 26. h4 Kh7 27. Kh2 Rg8 28. Bh3 Qf7
29. a3 Nd3 30. Nxe4 fxe4 31. Bxd7 Qxd7 32. Qxe4 Nc5 33. Qc2 Bf6 34. b4 axb4 35.
axb4 Na6 36. c5 Nxb4 37. dxc6 Nxc2 0-1

[Event "Titled Tue 1st Jul Early"]
[Site "chess.com INT"]
[Date "2025.07.01"]
[Round "9"]
[White "Weetik, Vjacheslav"]
[Black "Aalto, Patrik"]
[Result "1-0"]
[WhiteTitle "FM"]
[BlackTitle "FM"]
[WhiteElo "2423"]
[BlackElo "2316"]
[WhiteFideId "4153472"]
[BlackFideId "510726"]
[EventDate "2025.07.01"]

1. Nf3 Nf6 2. g3 b5 3. Bg2 Bb7 4. O-O e6 5. d3 Be7 6. e4 d6 7. a4 a6 8. Qe2 O-O
9. Nc3 b4 10. Nd1 a5 11. Nd2 Qc8 12. Ne3 Nbd7 13. g4 h6 14. f4 c5 15. h4 d5 16.
g5 Ne8 17. exd5 Nd6 18. gxh6 gxh6 19. f5 Bxh4 20. Ndc4 Nxc4 21. Nxc4 exd5 22.
Qg4+ Bg5 23. Bxg5 hxg5 24. Qxg5+ 1-0

[Event "Titled Tue 1st Jul Early"]
[Site "chess.com INT"]
[Date "2025.07.01"]
[Round "9"]
[White "Sahakyan, Aleks"]
[Black "Bukreev, Stanislav"]
[Result "0-1"]
[WhiteTitle "IM"]
[BlackTitle "FM"]
[WhiteElo "2405"]
[BlackElo "2305"]
[WhiteFideId "13316338"]
[BlackFideId "34252347"]
[EventDate "2025.07.01"]

1. e4 e6 2. d3 c5 3. Nd2 Nc6 4. g3 g6 5. Bg2 Bg7 6. Ngf3 Nge7 7. O-O O-O 8. Re1
d6 9. h4 h5 10. Nf1 e5 11. c3 b5 12. a4 b4 13. Ne3 Rb8 14. Nc2 Ba6 15. Ne3 Qa5
16. c4 Bc8 17. b3 Nd4 18. Nxd4 cxd4 19. Nd5 Nxd5 20. exd5 Bg4 21. Bf3 f5 22.
Bxg4 hxg4 23. Bg5 Rbe8 24. f3 gxf3 25. Qxf3 e4 26. Qf1 Qc7 27. Bf4 Qd7 28. Kg2
Re7 29. Ra2 exd3 30. Rxe7 Qxe7 31. Qxd3 Re8 32. Rf2 Qe4+ 33. Qf3 d3 34. Rd2 Qe2+
35. Rxe2 dxe2 36. Bd2 Bc3 37. h5 Bxd2 38. hxg6 e1=Q 39. Qxf5 Qe4+ 40. Qxe4 Rxe4 0-1

[Event "Titled Tue 1st Jul Early"]
[Site "chess.com INT"]
[Date "2025.07.01"]
[Round "9"]
[White "Marchesich, Giovanni"]
[Black "Kislinsky, Alexey"]
[Result "0-1"]
[WhiteTitle "CM"]
[BlackTitle "GM"]
[WhiteElo "2189"]
[BlackElo "2341"]
[WhiteFideId "2824790"]
[BlackFideId "14108801"]
[EventDate "2025.07.01"]

1. d4 d5 2. Nc3 Nf6 3. Bf4 a6 4. e3 e6 5. g4 c5 6. g5 Nfd7 7. Nf3 Nc6 8. h4 b5
9. h5 Bb7 10. Rg1 g6 11. Bh3 Qb6 12. Ne2 O-O-O 13. c3 Be7 14. Kf1 gxh5 15. a4 b4
16. Ng3 Rhg8 17. Nxh5 a5 18. Kg2 h6 19. Kh2 hxg5 20. Nxg5 Rdf8 21. Nh7 Rxg1 22.
Qxg1 Re8 23. Qg7 Nd8 24. Rg1 bxc3 25. bxc3 Qb2 26. Rg2 Qxc3 27. N5f6 Nxf6 28.
Nxf6 Rf8 29. Nh7 Re8 30. Qe5 cxd4 31. Qxe6+ fxe6 0-1

[Event "Titled Tue 1st Jul Early"]
[Site "chess.com INT"]
[Date "2025.07.01"]
[Round "9"]
[White "Pribelszky, Bence"]
[Black "Kiremitciyan, Ari"]
[Result "1-0"]
[WhiteTitle "IM"]
[BlackTitle "FM"]
[WhiteElo "2401"]
[BlackElo "2271"]
[WhiteFideId "769738"]
[BlackFideId "6373445"]
[EventDate "2025.07.01"]

1. e4 c6 2. d4 d5 3. e5 c5 4. c3 Nc6 5. Nf3 Bg4 6. Be2 e6 7. O-O f6 8. Re1 Bxf3
9. Bxf3 cxd4 10. exf6 Nxf6 11. Rxe6+ Kf7 12. Re2 Bc5 13. Bg5 Qd7 14. Bxf6 Kxf6
15. Rd2 dxc3 16. Nxc3 g6 17. Rxd5 Qe7 18. Rxc5 1-0

[Event "Titled Tue 1st Jul Early"]
[Site "chess.com INT"]
[Date "2025.07.01"]
[Round "9"]
[White "Arya G Mallar"]
[Black "Lu, Xiahan (Luna)"]
[Result "1-0"]
[WhiteTitle "WCM"]
[BlackTitle "WCM"]
[WhiteElo "2000"]
[BlackElo "1896"]
[WhiteFideId "25115324"]
[BlackFideId "4317076"]
[EventDate "2025.07.01"]

1. d4 Nf6 2. c4 e6 3. Nf3 d5 4. g3 Bb4+ 5. Bd2 Qe7 6. Bg2 O-O 7. O-O a5 8. a3
Bxd2 9. Qxd2 b6 10. cxd5 exd5 11. Nc3 Bb7 12. Rac1 Nbd7 13. Nb5 c6 14. Nc3 Rfe8
15. Qf4 Rac8 16. Rfd1 c5 17. Nb5 Red8 18. Nd6 Rb8 19. dxc5 Nxc5 20. Nf5 Qxe2 21.
N3d4 Qg4 22. Qc7 Ba6 23. Bf3 Qg6 24. Ne7+ 1-0

[Event "Titled Tue 1st Jul Early"]
[Site "chess.com INT"]
[Date "2025.07.01"]
[Round "9"]
[White "Ankit Ray"]
[Black "Villa Tornero, Alex"]
[Result "1-0"]
[WhiteTitle "FM"]
[BlackTitle "FM"]
[WhiteElo "2248"]
[BlackElo "2282"]
[WhiteFideId "25770624"]
[BlackFideId "54501091"]
[EventDate "2025.07.01"]

1. Nf3 Nf6 2. g3 b6 3. Bg2 Bb7 4. O-O e6 5. d4 c5 6. c4 cxd4 7. Nxd4 Bxg2 8.
Kxg2 Qc8 9. b3 Qb7+ 10. Kg1 h5 11. h4 Be7 12. Nc3 Nc6 13. Ndb5 O-O 14. Bf4 Rfd8
15. Nd6 Bxd6 16. Qxd6 Rac8 17. Rad1 Ne8 18. Qd2 Ne7 19. e4 d6 20. Qe2 d5 21.
exd5 exd5 22. Rfe1 Rd7 23. Nxd5 Nxd5 24. cxd5 Rxd5 25. Qf3 Rxd1 26. Qxb7 Rxe1+
27. Kg2 Rc2 28. Qxa7 Nf6 29. Qxb6 Ng4 30. Qd8+ Re8 31. Qxe8+ 1-0

[Event "Titled Tue 1st Jul Early"]
[Site "chess.com INT"]
[Date "2025.07.01"]
[Round "9"]
[White "Zepeda Berlanga, Jan Enrique"]
[Black "Zeliantsova, Kseniya"]
[Result "0-1"]
[WhiteTitle "CM"]
[BlackTitle "WFM"]
[WhiteElo "2011"]
[BlackElo "2062"]
[WhiteFideId "5132355"]
[BlackFideId "13512617"]
[EventDate "2025.07.01"]

1. e4 d6 2. d4 Nf6 3. Nc3 g6 4. Bg5 Bg7 5. e5 Nfd7 6. exd6 cxd6 7. Qd2 O-O 8.
O-O-O Nc6 9. Nf3 Qa5 10. h4 h5 11. Bh6 Nf6 12. Bxg7 Kxg7 13. Ng5 Bf5 14. f3 Nb4
15. Bd3 Bxd3 16. cxd3 Nxa2+ 17. Nxa2 Qxa2 18. Qb4 Rac8+ 19. Kd2 a5 20. Qa3 Qd5
21. Rhe1 Qxd4 22. Rxe7 Qf4+ 23. Ke2 Rc2+ 24. Kf1 Qxh4 25. Nh3 Qg3 26. Qb3 Qxg2+
27. Ke1 Qh1+ 28. Ng1 Qxg1# 0-1

[Event "Titled Tue 1st Jul Early"]
[Site "chess.com INT"]
[Date "2025.07.01"]
[Round "9"]
[White "Rabin, Evan"]
[Black "Borges, Wagner da Silva"]
[Result "0-1"]
[BlackTitle "CM"]
[WhiteElo "1945"]
[BlackElo "2055"]
[WhiteFideId "2028670"]
[BlackFideId "2100401"]
[EventDate "2025.07.01"]

1. d4 Nf6 2. c4 e6 3. Nc3 d5 4. Bg5 c6 5. e3 Nbd7 6. Nf3 Qa5 7. Nd2 Bb4 8. Qc2
dxc4 9. Bxf6 gxf6 10. Nxc4 Qd8 11. Bd3 h5 12. a3 Be7 13. O-O b5 14. Nd2 Bb7 15.
Nce4 a6 16. b4 Rg8 17. Nb3 c5 18. Nbxc5 Bd5 19. f3 f5 20. Nc3 Nb6 21. Nxd5 Nxd5
22. Rae1 Rc8 23. e4 Nf4 24. g3 Qxd4+ 25. Kh1 Nxd3 26. Qxd3 Bxc5 27. Qxd4 Bxd4
28. exf5 Ke7 29. Re4 Rc4 30. fxe6 fxe6 31. Rfe1 Rg6 32. f4 Rf6 33. f5 e5 34. Rf1
Kd6 0-1

[Event "Titled Tue 1st Jul Early"]
[Site "chess.com INT"]
[Date "2025.07.01"]
[Round "9"]
[White "Dragnev, Valentin"]
[Black "Fedotov, Nikita2"]
[Result "1-0"]
[WhiteTitle "GM"]
[BlackTitle "FM"]
[WhiteElo "2547"]
[BlackElo "2278"]
[WhiteFideId "1634852"]
[BlackFideId "24161446"]
[EventDate "2025.07.01"]

1. e4 e5 2. Nf3 Nc6 3. Bc4 Bc5 4. d3 Nf6 5. a4 a5 6. Be3 Bxe3 7. fxe3 d6 8. Nc3
Be6 9. Qe2 Bxc4 10. dxc4 Nd7 11. O-O-O Nc5 12. h4 Qd7 13. b3 O-O-O 14. Ne1 Nb4
15. Kb2 Qc6 16. Nd3 Nxe4 17. Qg4+ Kb8 18. Qxe4 Qxe4 19. Nxe4 Nc6 20. Rdf1 f6 21.
g4 Rhf8 22. Ng3 Ne7 23. e4 g6 24. h5 g5 25. Nf5 Nxf5 26. Rxf5 Rf7 27. Rhf1 Rdf8
28. h6 b6 29. Nf2 Kc8 30. Nh3 1-0

[Event "Titled Tue 1st Jul Early"]
[Site "chess.com INT"]
[Date "2025.07.01"]
[Round "9"]
[White "Baturin-Vinogradov, Miroslav"]
[Black "Devaev, Alexander"]
[Result "1-0"]
[WhiteTitle "CM"]
[BlackTitle "FM"]
[WhiteElo "2066"]
[BlackElo "2306"]
[WhiteFideId "55745741"]
[BlackFideId "4169395"]
[EventDate "2025.07.01"]

1. e4 c6 2. d4 d5 3. exd5 cxd5 4. Bd3 Nc6 5. c3 Nf6 6. h3 g6 7. Nf3 Bf5 8. O-O
e6 9. Bg5 Be7 10. Re1 h6 11. Bxf6 Bxf6 12. a4 O-O 13. Na3 Re8 14. Nc2 Qc7 15.
Ne3 Bxd3 16. Qxd3 Bg7 17. Re2 Rad8 18. Rae1 Qa5 19. Qc2 Rc8 20. Qb3 Qc7 21. Nxd5
Qd6 22. Ne3 Na5 23. Qc2 Qc6 24. Ng4 Red8 25. Nfe5 Qe8 26. Qd2 Kh7 27. Qf4 Qe7
28. Qxf7 1-0

[Event "Titled Tue 1st Jul Early"]
[Site "chess.com INT"]
[Date "2025.07.01"]
[Round "9"]
[White "Predein, Vladimir"]
[Black "Mizzi, Jack"]
[Result "1-0"]
[WhiteTitle "IM"]
[BlackTitle "CM"]
[WhiteElo "2373"]
[BlackElo "2106"]
[WhiteFideId "4117786"]
[BlackFideId "5602521"]
[EventDate "2025.07.01"]

1. e4 c6 2. d4 d5 3. e5 c5 4. dxc5 e6 5. a3 Bxc5 6. b4 Bb6 7. Nf3 Ne7 8. Bb2 Ng6
9. Nbd2 a5 10. Bd3 Nd7 11. O-O O-O 12. c4 axb4 13. axb4 Rxa1 14. Bxa1 dxc4 15.
Nxc4 Bc7 16. Qc2 b5 17. Nd6 Ndxe5 18. Nxe5 Qxd6 19. Bxg6 hxg6 20. Rd1 Qe7 21.
Nc6 Qg5 22. Qc3 f6 23. Ne7+ Kh7 24. Qxc7 Qg4 25. f3 Qxb4 26. Nxc8 Qa4 27. Rc1 b4
28. Nb6 Qa3 29. Nd7 Qe3+ 30. Kh1 b3 31. Nxf8+ Kg8 32. Nxe6 1-0

[Event "Titled Tue 1st Jul Early"]
[Site "chess.com INT"]
[Date "2025.07.01"]
[Round "9"]
[White "Bortnyk, Olexandr"]
[Black "Pranav, V"]
[Result "0-1"]
[WhiteTitle "GM"]
[BlackTitle "GM"]
[WhiteElo "2601"]
[BlackElo "2594"]
[WhiteFideId "14120828"]
[BlackFideId "25060783"]
[EventDate "2025.07.01"]

1. d4 Nf6 2. Nc3 e6 3. e4 d5 4. Bg5 Be7 5. e5 Nfd7 6. h4 a6 7. Qg4 Kf8 8. Bxe7+
Qxe7 9. h5 h6 10. O-O-O c5 11. Nce2 cxd4 12. f4 Nc6 13. Nxd4 Nc5 14. Nh3 Bd7 15.
Kb1 Rc8 16. Nb3 Nxb3 17. cxb3 Qc5 18. Bd3 Nb4 19. Qg3 Bb5 20. Bxb5 Qc2+ 21. Ka1
axb5 22. a3 Ra8 23. Qf2 Qxb3 24. Qc5+ Kg8 25. Kb1 Rxa3 26. Kc1 Ra1+ 27. Kd2 Qd3+
28. Ke1 Qxd1+ 29. Kf2 Nd3+ 0-1

[Event "Titled Tue 1st Jul Early"]
[Site "chess.com INT"]
[Date "2025.07.01"]
[Round "9"]
[White "Shinkarev, Mikhailo"]
[Black "Vlassov, Nikolai"]
[Result "0-1"]
[WhiteTitle "IM"]
[BlackTitle "IM"]
[WhiteElo "2109"]
[BlackElo "2291"]
[WhiteFideId "4145348"]
[BlackFideId "4103360"]
[EventDate "2025.07.01"]

1. c4 e5 2. g3 c6 3. d4 exd4 4. Qxd4 d5 5. Bg2 Nf6 6. Nf3 Be6 7. O-O dxc4 8.
Qxd8+ Kxd8 9. Ng5 Nbd7 10. Nd2 Nb6 11. a4 a5 12. Nxe6+ fxe6 13. Nf3 Bb4 14. Bf4
Ke7 15. Rfc1 Nfd7 16. Bg5+ Kf7 17. Bf4 h6 18. h4 Rac8 19. e4 Rhd8 20. Bf1 Nc5
21. Rd1 Rxd1 22. Rxd1 Nxe4 23. Ne5+ Kf6 24. Nxc4 Bc5 25. b3 Nxf2 26. Nxb6 Nxd1+
27. Kg2 Bxb6 28. Bc4 Ne3+ 0-1

[Event "Titled Tue 1st Jul Early"]
[Site "chess.com INT"]
[Date "2025.07.01"]
[Round "9"]
[White "Moroni, Luca Jr"]
[Black "Cernov, Henrik"]
[Result "1-0"]
[WhiteTitle "GM"]
[BlackTitle "FM"]
[WhiteElo "2549"]
[BlackElo "2258"]
[WhiteFideId "865834"]
[BlackFideId "16258312"]
[EventDate "2025.07.01"]

1. e4 c5 2. Nf3 e6 3. d4 cxd4 4. Nxd4 Nf6 5. Nc3 Nc6 6. Be2 Bb4 7. O-O Bxc3 8.
bxc3 Nxe4 9. Qd3 d5 10. Ba3 Ne7 11. Bf3 f5 12. c4 Ng6 13. cxd5 exd5 14. Bh5 Qh4
15. Qb5+ Bd7 16. Qxb7 Rc8 17. Bf3 Nf4 18. g3 Qg5 19. Rae1 h5 20. Kh1 Nh3 21.
Qxd5 Rh6 22. Qg8# 1-0

[Event "Titled Tue 1st Jul Early"]
[Site "chess.com INT"]
[Date "2025.07.01"]
[Round "9"]
[White "Waldhausen Gordon, Frederick"]
[Black "Borgaonkar, Akshay"]
[Result "0-1"]
[WhiteTitle "FM"]
[BlackTitle "FM"]
[WhiteElo "2395"]
[BlackElo "2452"]
[WhiteFideId "2409143"]
[BlackFideId "25639110"]
[EventDate "2025.07.01"]

1. d4 e6 2. Nf3 c5 3. e3 Nf6 4. Bd3 d5 5. b3 Bd6 6. Bb2 O-O 7. Nbd2 Nc6 8. a3 b6
9. O-O Bb7 10. Qe2 Re8 11. Rad1 e5 12. dxe5 Nxe5 13. Nxe5 Bxe5 14. Bxe5 Rxe5 15.
Nf3 Re8 16. c4 d4 17. Nh4 Qc7 18. Qb2 Ng4 19. g3 dxe3 20. Nf5 Qe5 21. Qxe5 exf2+
22. Rxf2 Nxe5 23. Nd6 Nxd3 24. Rxd3 Re1+ 25. Rf1 Rxf1+ 26. Kxf1 Rd8 27. Ke2 Bc6
28. b4 Kf8 29. b5 Ba8 30. Nf5 Rxd3 31. Kxd3 g6 32. Nd6 Ke7 33. Nc8+ Kd7 34. Nxa7
Kc7 35. Ke3 f6 36. a4 Kb8 37. Nc6+ Bxc6 38. bxc6 Kc7 39. h4 Kxc6 40. Ke4 Kd6 41.
Kf4 Ke6 42. Ke4 f5+ 43. Kf4 Kf6 44. Kf3 h6 45. Ke3 g5 46. hxg5+ hxg5 47. Kf3 Ke5
48. Ke3 f4+ 49. gxf4+ gxf4+ 50. Kd3 f3 51. Ke3 f2 52. Kxf2 Kd4 0-1

[Event "Titled Tue 1st Jul Early"]
[Site "chess.com INT"]
[Date "2025.07.01"]
[Round "9"]
[White "Dighton, Simon"]
[Black "Vedant Rupeshbhai Varasada"]
[Result "0-1"]
[WhiteTitle "CM"]
[BlackTitle "CM"]
[WhiteElo "2237"]
[BlackElo "2044"]
[WhiteFideId "408603"]
[BlackFideId "25156527"]
[EventDate "2025.07.01"]

1. d4 Nf6 2. Nf3 g6 3. b4 Bg7 4. Nbd2 d5 5. e3 O-O 6. c4 a5 7. b5 Bf5 8. Bb2 a4
9. a3 c6 10. Be2 dxc4 11. Bxc4 cxb5 12. Bxb5 Qb6 13. Qe2 Ra5 14. e4 Qxb5 15. Nc4
Nxe4 16. Nxa5 Qxa5+ 17. Kf1 Rc8 18. g4 Bxg4 19. Qxe4 Bf5 20. Qe3 Qb5+ 21. Kg2
Qxb2 22. Rab1 Qc3 23. Qxe7 Bxb1 24. Ne5 Bxe5 25. dxe5 Be4+ 26. Kg1 Qc1# 0-1

[Event "Titled Tue 1st Jul Early"]
[Site "chess.com INT"]
[Date "2025.07.01"]
[Round "9"]
[White "Klukin, Kirill"]
[Black "Petersen, Marcel"]
[Result "1-0"]
[WhiteTitle "IM"]
[BlackTitle "CM"]
[WhiteElo "2401"]
[BlackElo "2236"]
[WhiteFideId "24199273"]
[BlackFideId "12935670"]
[EventDate "2025.07.01"]

1. d4 g6 2. Nf3 Bg7 3. c4 c6 4. Nc3 d5 5. Bf4 Nf6 6. e3 O-O 7. Bd3 dxc4 8. Bxc4
Bf5 9. O-O Ne4 10. Rc1 Nd7 11. Qe2 Ndf6 12. Rfd1 Qa5 13. h3 Rfd8 14. Ne5 Nxc3
15. Bxf7+ Kf8 16. bxc3 Nd5 17. Bxd5 cxd5 18. c4 Rac8 19. c5 b6 20. c6 Rd6 21.
Nd7+ Bxd7 22. cxd7 Rxc1 23. Bxd6 Rxd1+ 24. Qxd1 b5 25. Qf3+ Kg8 26. Qxd5+ Kh8
27. Qa8+ Bf8 28. Qxf8# 1-0